| 000 | 03268nam0a2200493 4500 | ||
|---|---|---|---|
| 001 | RU\NLR\bibl\1342104 | ||
| 005 | 20260405173927.0 | ||
| 010 |
_a978-5-91137-046-6 _985 |
||
| 021 |
_aRU _b2009-478 _929 |
||
| 021 |
_aRU _b2009-2282 _9121 |
||
| 035 | _a(nilc)RSL-KNO-004236199 | ||
| 035 | _a(NLR Aleph) 001327257 | ||
| 090 |
_a777714 _c777714 |
||
| 100 | _a20090225d2008 |||y0rusy50 ca | ||
| 101 | 0 |
_arus _deng _eeng |
|
| 102 | _aRU | ||
| 105 | _aa z ||||| | ||
| 200 | 1 |
_aХимический состав растений в экстремальных условиях локальной зоны комбината "Североникель" _dPlant chemistry under the extreme conditions of the "Severonickel" smelter impact _fГ.М. Кашулина, Н.В. Салтан _gпод ред. чл.-кор. Рос. акад. наук В.К. Жирова _gРос. акад. наук, Кольск. науч. центр, Поляр.-альпийск. ботан. сад-ин-т _zeng |
|
| 210 |
_aАпатиты _cиздание Кольского научного центра РАН _cПолярно-альпийский ботанический сад-институт _d2008 |
||
| 215 |
_a235 с. _cил. _d26 |
||
| 300 | _aАвт. также на англ. яз.: G.M. Kashulina, N.V. Saltan | ||
| 300 | _aРез. на англ. яз. | ||
| 320 | _aБиблиогр.: с. 228-233 | ||
| 510 | 0 |
_6z20790 _aPlant chemistry under the extreme conditions of the "Severonickel" smelter impact _zeng |
|
| 606 | 1 |
_aРастения _xВлияние загрязнения воздуха химическими веществами _yКольский полуостров (Северо-Запад Европейской части РФ) _92547514 _3RU\NLR\auth\661507704 |
|
| 606 | 1 |
_aРастения _xБиохимия _yКольский полуостров (Северо-Запад Европейской части РФ) _92547513 _3RU\NLR\auth\661507703 |
|
| 610 | 0 | _aБиологические науки -- Ботаника -- Биохимия растений -- Экологическая биохимия | |
| 610 | 0 | _aБиологические науки -- Ботаника -- Экология растений -- Антропические факторы среды и приспособление к ним -- Химические факторы | |
| 610 | 0 | _aБиологические науки -- Ботаника -- Фитогеография -- Российская Федерация -- Кольский полуостров | |
| 686 |
_aЕ572,1,0 _2rubbk |
||
| 686 |
_aЕ581.42,0 _2rubbk |
||
| 686 |
_aЕ585.9(2Р31-4Му),0 _2rubbk |
||
| 686 | _aЕ572(2Р31-4Му) | ||
| 686 | _aЕ581.26(2Р31-4Му) | ||
| 700 | 1 |
_4070 _8rus _7ca _aКашулина _bГ. М. _gГалина Михайловна _3RU\NLR\auth\7775243 _958171 |
|
| 701 | 1 |
_4070 _8rus _7ca _aСалтан _bН. В. _3RU\NLR\auth\7775246 _958174 |
|
| 790 | 1 |
_4070 _8rus _7ba _aKašulina _bG. M. _gGalina Michajlovna _3RU\NLR\auth\7775244 _958172 |
|
| 790 | 1 |
_4070 _8rus _7ba _aSaltan _bN. B. _3RU\NLR\auth\7775247 _958175 |
|
| 801 | 0 |
_aRU _bРКП _c20090225 _grcr |
|
| 801 | 1 |
_aRU _bРГБ _c20090225 |
|
| 801 | 2 |
_aRU _bNLR _c20090318 _grcr |
|
| 942 | _cBOOK | ||
| 980 | _aNB | ||